| 000 | 00967cam a2200277 a 4500 | ||
|---|---|---|---|
| 001 | 000003642 | ||
| 005 | 20200929150520.0 | ||
| 008 | 731130s1979 sp 000 f spa | ||
| 020 | _z842700493 | ||
| 040 |
_aDO-SdBNP _cDLC _dDLC |
||
| 041 | 1 | 7 |
_aSpa _hEng _2Código de idioma MARC |
| 082 |
_a813.54 _bK641m |
||
| 100 | 1 |
_aKlein, Norma, _d1938- _911173 |
|
| 240 | 1 | 0 |
_aGive me one good reason. _lEspañol. |
| 245 | 1 | 3 |
_aUn marido : _b¿para qué? / _cNorman klein ; traducción de Jordi Fibla. |
| 246 | 1 | 0 | _aUn marido ¿para qué?: una joven quiere ser madre sin renunciar a ser soltera. |
| 260 |
_aBarcelona : _bMartínez Roca, _c1979. |
||
| 300 |
_a226 p. ; _c20 cm. |
||
| 490 | 1 | _aNueva Fontana | |
| 534 |
_aTítulo original: _tGive me one good reason. |
||
| 650 | 4 |
_aNovela estadounidense _9262 |
|
| 650 | 4 |
_aLiteratura estadounidense _9263 |
|
| 700 | 1 |
_aFibla, Jordi, _etr. _911174 |
|
| 830 | 0 |
_aNueva Fontana. _911175 |
|
| 910 | _aCatalogación por copia / LC | ||
| 999 |
_c3465 _d3465 |
||